[Event "RM-2021-0-00234"]
[Site "LSS email"]
[Date "2021.01.29"]
[Round "?"]
[White "Davydov, Andrej"]
[Black "Nichols, Scott"]
[Result "1/2-1/2"]
[WhiteElo "2175"]
[BlackElo "2364"]
[PlyCount "49"]
[EventDate "2020.12.05"]
[EventType "tourn (corr)"]
[EventRounds "6"]
[EventCountry "GER"]
[SourceTitle "Corr 2024"]
[Source "ChessBase"]
[SourceDate "2023.10.19"]
[SourceVersion "1"]
[SourceVersionDate "2023.10.19"]
[SourceQuality "1"]

1. d4 Nf6 2. c4 e6 3. Nc3 Bb4 4. e3 0-0 5. Bd3 d5 6. Nf3 dxc4 7. Bxc4 c5 8. 0-0 cxd4 9. exd4 b6 10. Re1 Bb7 11. Bg5 Nbd7 12. Rc1 h6 13. Bh4 a6 14. a3 Bxc3 15. Rxc3 Rc8 16. a4 b5 17. axb5 axb5 18. Bxb5 Qa5 19. Qa4 Qxa4 20. Bxa4 Rxc3 21. bxc3 Bxf3 22. gxf3 Nb6 23. Bb5 g5 24. Bg3 Rc8 25. Rc1 1/2-1/2

[Event "RA-2021-0-00676"]
[Site "LSS email"]
[Date "2021.01.10"]
[Round "?"]
[White "Davydov, Andrej"]
[Black "Matugin, Sergei"]
[Result "1/2-1/2"]
[WhiteElo "2176"]
[BlackElo "2027"]
[PlyCount "57"]
[EventDate "2020.11.04"]
[EventType "tourn (corr)"]
[EventRounds "6"]
[EventCountry "GER"]
[SourceTitle "Corr 2022"]
[Source "ChessBase"]
[SourceDate "2021.10.24"]
[SourceVersion "1"]
[SourceVersionDate "2021.10.24"]
[SourceQuality "1"]

1. d4 d5 2. c4 e6 3. Nc3 Nf6 4. cxd5 exd5 5. Bg5 c6 6. e3 Be7 7. Bd3 0-0 8. Qc2 Nbd7 9. Nf3 h6 10. Bh4 Re8 11. 0-0 Ne4 12. Bxe4 Bxh4 13. Bh7+ Kh8 14. Nxh4 Qxh4 15. Bd3 Qe7 16. Rab1 Nb6 17. Ne2 a5 18. Rfe1 Nd7 19. a3 Nf6 20. b4 axb4 21. axb4 Bd7 22. b5 cxb5 23. Nc3 Rec8 24. Qd2 b4 25. Na2 Ne4 26. Qxb4 Qg5 27. Rb2 b5 28. Reb1 Bf5 29. Re1 1/2-1/2

[Event "RA-2021-0-00676"]
[Site "LSS email"]
[Date "2021.01.09"]
[Round "?"]
[White "Hatsek, Werner"]
[Black "Davydov, Andrej"]
[Result "1/2-1/2"]
[WhiteElo "2047"]
[BlackElo "2176"]
[PlyCount "68"]
[EventDate "2020.11.04"]
[EventType "tourn (corr)"]
[EventRounds "6"]
[EventCountry "GER"]
[SourceTitle "Corr 2022"]
[Source "ChessBase"]
[SourceDate "2021.10.24"]
[SourceVersion "1"]
[SourceVersionDate "2021.10.24"]
[SourceQuality "1"]

1. c4 e5 2. Nc3 Nf6 3. g3 Bb4 4. Bg2 0-0 5. e4 Bxc3 6. bxc3 c6 7. Ne2 d5 8. cxd5 cxd5 9. exd5 Nxd5 10. d4 exd4 11. Qxd4 Be6 12. 0-0 Nc6 13. Qc5 Re8 14. Nf4 Nxf4 15. Bxf4 Qe7 16. Qb5 Rad8 17. Rfe1 a6 18. Qb6 g5 19. Be3 Bd5 20. Bd2 Ne5 21. f4 gxf4 22. gxf4 Nc4 23. Rxe7 Nxb6 24. Rxe8+ Rxe8 25. Bxd5 Nxd5 26. c4 Re2 27. Rd1 Ne3 28. Bxe3 Rxe3 29. Rd7 Rc3 30. Rc7 b5 31. Rc6 Rxc4 32. Rxa6 Rxf4 33. Ra5 Rb4 34. a3 Rb2 1/2-1/2

[Event "OP-2020-0-05071"]
[Site "LSS email"]
[Date "2020.12.22"]
[Round "?"]
[White "Davydov, Andrej"]
[Black "Schleef, Harald"]
[Result "1/2-1/2"]
[WhiteElo "2175"]
[BlackElo "2086"]
[PlyCount "109"]
[EventDate "2020.12.20"]
[EventType "tourn (corr)"]
[EventRounds "4"]
[EventCountry "GER"]
[SourceTitle "Corr 2024"]
[Source "ChessBase"]
[SourceDate "2023.10.19"]
[SourceVersion "1"]
[SourceVersionDate "2023.10.19"]
[SourceQuality "1"]

1. d4 d5 2. c4 e6 3. Nc3 c5 4. cxd5 exd5 5. Nf3 Nf6 6. Bg5 Be7 7. dxc5 0-0 8. e3 Be6 9. Rc1 Nc6 10. Bb5 Bxc5 11. 0-0 Be7 12. Bxc6 bxc6 13. Nd4 Rc8 14. Bxf6 Bxf6 15. Na4 Bxd4 16. Qxd4 Qg5 17. h4 Qg6 18. f3 Qg3 19. Rfd1 Rfe8 20. Qf4 Qxf4 21. exf4 g6 22. b3 h5 23. Rc5 Re7 24. Kf2 Rb7 25. Nc3 Bd7 26. Ra5 Kg7 27. Na4 Bf5 28. Rd4 Rcb8 29. Nc3 Kf8 30. Rda4 Ra8 31. Ne2 Ke7 32. Ke3 Bd7 33. Kd2 Rc7 34. Ra3 Kd6 35. Nd4 Bc8 36. b4 Rb8 37. Kc3 Re7 38. R3a4 a6 39. Rc5 Rb6 40. Kd2 f6 41. Rc1 Rc7 42. Nb3 Rg7 43. Ke3 Re7+ 44. Kf2 a5 45. Nxa5 Ba6 46. Rc2 Bb5 47. Ra3 Rb8 48. Rd2 c5 49. bxc5+ Kxc5 50. Rc2+ Kb4 51. Nc6+ Kxa3 52. Nxe7 d4 53. Rc5 Kb4 54. Rc1 Rd8 55. Nc6+ 1/2-1/2

[Event "SM-2020-0-00435"]
[Site "LSS email"]
[Date "2020.11.17"]
[Round "?"]
[White "Corti, Horacio"]
[Black "Davydov, Andrej"]
[Result "1/2-1/2"]
[WhiteElo "2291"]
[BlackElo "2169"]
[PlyCount "58"]
[EventDate "2020.08.26"]
[EventType "tourn (corr)"]
[EventRounds "6"]
[EventCountry "GER"]
[SourceTitle "Corr 2024"]
[Source "ChessBase"]
[SourceDate "2023.10.19"]
[SourceVersion "1"]
[SourceVersionDate "2023.10.19"]
[SourceQuality "1"]

1. e4 e6 2. d4 d5 3. Nc3 Nf6 4. e5 Nfd7 5. f4 c5 6. Nf3 Nc6 7. Be3 Be7 8. Qd2 a6 9. Bd3 b5 10. Qf2 b4 11. Na4 c4 12. Be2 Nb6 13. Nc5 a5 14. 0-0 0-0 15. h4 a4 16. b3 f6 17. exf6 gxf6 18. f5 exf5 19. Rae1 axb3 20. axb3 Ra2 21. Bh6 Kh8 22. Bxf8 Qxf8 23. Bd1 Nxd4 24. Nxd4 Bxc5 25. Qf4 Bd6 26. Re8 Qxe8 27. Qxd6 Nd7 28. Nxf5 cxb3 29. cxb3 Ba6 1/2-1/2

[Event "OP-2020-0-05040"]
[Site "LSS email"]
[Date "2020.10.23"]
[Round "?"]
[White "Piacentile, Carmine"]
[Black "Davydov, Andrej"]
[Result "0-1"]
[WhiteElo "1541"]
[BlackElo "2161"]
[PlyCount "74"]
[EventDate "2020.10.22"]
[EventType "tourn (corr)"]
[EventRounds "4"]
[EventCountry "GER"]
[SourceTitle "Corr 2022"]
[Source "ChessBase"]
[SourceDate "2021.10.24"]
[SourceVersion "1"]
[SourceVersionDate "2021.10.24"]
[SourceQuality "1"]

1. e4 c6 2. d4 d5 3. e5 Bf5 4. Bd3 Bxd3 5. Qxd3 e6 6. c3 c5 7. c4 dxc4 8. Qxc4 Qxd4 9. Qxd4 cxd4 10. a3 Nc6 11. Nf3 Nge7 12. 0-0 Ng6 13. Re1 0-0-0 14. b4 Rd5 15. Nbd2 Ngxe5 16. Nxe5 Nxe5 17. Bb2 Nd3 18. Reb1 e5 19. Ra2 Nxb2 20. Rc1+ Kb8 21. Rxb2 f5 22. Rbc2 Bd6 23. Nc4 Rc8 24. Nxd6 Rxc2 25. Rxc2 Rxd6 26. f3 d3 27. Rd2 Kc7 28. Kf2 Kc6 29. Ke3 Kb5 30. g4 fxg4 31. fxg4 Kc4 32. h4 b5 33. h5 Kc3 34. Rxd3+ Rxd3+ 35. Ke4 Rg3 36. Kxe5 Rxg4 37. Kf5 Rg1 0-1

[Event "CP-2018-P-00033"]
[Site "LSS email"]
[Date "2018.09.27"]
[Round "?"]
[White "Davydov, Andrej"]
[Black "Meljnikova, Ekaterina"]
[Result "0-1"]
[WhiteElo "2236"]
[BlackElo "2190"]
[PlyCount "29"]
[EventDate "2018.10.01"]
[EventType "tourn (corr)"]
[EventRounds "6"]
[EventCountry "GER"]
[SourceTitle "Corr 2022"]
[Source "ChessBase"]
[SourceDate "2021.10.24"]
[SourceVersion "1"]
[SourceVersionDate "2021.10.24"]
[SourceQuality "1"]

1. d4 Nf6 2. c4 e6 3. Nc3 Bb4 4. Qc2 0-0 5. e3 d5 6. a3 Be7 7. Nf3 b6 8. cxd5 exd5 9. Bd3 Re8 10. 0-0 Ba6 11. Bxa6 Nxa6 12. Rd1 c6 13. b4 Bd6 14. b5 cxb5 15. Nxb5 0-1

[Event "WC-2018-S-00003"]
[Site "LSS email"]
[Date "2018.07.11"]
[Round "?"]
[White "Davydov, Andrej"]
[Black "Egorov, Vladimir Al"]
[Result "1-0"]
[WhiteElo "2221"]
[BlackElo "2062"]
[PlyCount "49"]
[EventDate "2018.07.15"]
[EventType "tourn (corr)"]
[EventRounds "12"]
[EventCountry "GER"]
[SourceTitle "Corr 2024"]
[Source "ChessBase"]
[SourceDate "2023.10.19"]
[SourceVersion "1"]
[SourceVersionDate "2023.10.19"]
[SourceQuality "1"]

1. d4 d5 2. c4 c6 3. Nf3 Nf6 4. e3 Bf5 5. Nc3 e6 6. Nh4 Bg6 7. Nxg6 hxg6 8. Bd2 Nbd7 9. c5 e5 10. b4 b6 11. Rc1 a5 12. b5 bxc5 13. bxc6 Nb6 14. dxe5 Ne4 15. c7 Qxc7 16. Nxd5 Nxd5 17. Qa4+ Kd8 18. Qxe4 Nb6 19. Bc4 Ra7 20. Rd1 Kc8 21. Qg4+ Kb8 22. Rb1 Rb7 23. Ba6 Ra7 24. Rxb6+ Qxb6 25. Qc8# 1-0

[Event "WC-2018-S-00003"]
[Site "LSS email"]
[Date "2018.07.11"]
[Round "?"]
[White "Davydov, Andrej"]
[Black "Sukhanov, Sergey"]
[Result "0-1"]
[WhiteElo "2221"]
[BlackElo "2161"]
[PlyCount "39"]
[EventDate "2018.07.15"]
[EventType "tourn (corr)"]
[EventRounds "12"]
[EventCountry "GER"]
[SourceTitle "Corr 2024"]
[Source "ChessBase"]
[SourceDate "2023.10.19"]
[SourceVersion "1"]
[SourceVersionDate "2023.10.19"]
[SourceQuality "1"]

1. d4 Nf6 2. c4 g6 3. Nf3 Bg7 4. g3 d5 5. cxd5 Nxd5 6. Bg2 Nb6 7. Nc3 Nc6 8. e3 0-0 9. 0-0 Re8 10. d5 Na5 11. Nd4 Bd7 12. b3 c6 13. dxc6 Bxc6 14. Nxc6 Qxd1 15. Nxd1 Nxc6 16. Bb2 Red8 17. Bxg7 Kxg7 18. Bxc6 bxc6 19. Nc3 Rac8 20. Rfd1 0-1

[Event "WC-2018-S-00003"]
[Site "LSS email"]
[Date "2018.07.11"]
[Round "?"]
[White "Davydov, Andrej"]
[Black "Wisham, Clyde"]
[Result "1/2-1/2"]
[WhiteElo "2221"]
[BlackElo "2149"]
[PlyCount "55"]
[EventDate "2018.07.15"]
[EventType "tourn (corr)"]
[EventRounds "12"]
[EventCountry "GER"]
[SourceTitle "Corr 2024"]
[Source "ChessBase"]
[SourceDate "2023.10.19"]
[SourceVersion "1"]
[SourceVersionDate "2023.10.19"]
[SourceQuality "1"]

1. d4 Nf6 2. c4 g6 3. Nf3 Bg7 4. g3 d5 5. cxd5 Nxd5 6. Bg2 0-0 7. 0-0 Nb6 8. e3 Nc6 9. Bd2 e5 10. Nxe5 Nxe5 11. dxe5 Bxe5 12. Bc3 Qe7 13. Qe2 c6 14. Rd1 Bxc3 15. Nxc3 Be6 16. h3 Rfd8 17. Qc2 Bf5 18. e4 Be6 19. f4 Rxd1+ 20. Rxd1 Rd8 21. Rxd8+ Qxd8 22. Qf2 f6 23. Kh2 Qd6 24. Qe3 Nc4 25. Qf2 Qd3 26. f5 Bf7 27. fxg6 hxg6 28. Qxf6 1/2-1/2

[Event "WC-2018-S-00003"]
[Site "LSS email"]
[Date "2018.07.11"]
[Round "?"]
[White "Van Bommel, Ton"]
[Black "Davydov, Andrej"]
[Result "1/2-1/2"]
[WhiteElo "2154"]
[BlackElo "2221"]
[PlyCount "73"]
[EventDate "2018.07.15"]
[EventType "tourn (corr)"]
[EventRounds "12"]
[EventCountry "GER"]
[SourceTitle "Corr 2024"]
[Source "ChessBase"]
[SourceDate "2023.10.19"]
[SourceVersion "1"]
[SourceVersionDate "2023.10.19"]
[SourceQuality "1"]

1. e4 e6 2. d4 d5 3. Nc3 Nf6 4. e5 Nfd7 5. f4 c5 6. Nf3 Nc6 7. Be3 cxd4 8. Nxd4 Bc5 9. Qd2 0-0 10. 0-0-0 Nxd4 11. Bxd4 a6 12. Qf2 Qc7 13. Bd3 Bxd4 14. Qxd4 Qc5 15. Ne2 Ra7 16. c3 b5 17. Kc2 Rb7 18. Rc1 a5 19. Kb1 Qe7 20. Rc2 Nc5 21. Nc1 Bd7 22. b4 Nxd3 23. Nxd3 Ra8 24. Nc5 Rba7 25. g3 Be8 26. Re1 f6 27. exf6 Qxf6 28. Ka1 axb4 29. Qxf6 gxf6 30. cxb4 Bf7 31. Nxe6 Bg6 32. Rd2 Bd3 33. Nd8 Bc4 34. Re8+ Kg7 35. Ne6+ Kf7 36. Rxa8 Rxa8 37. f5 1/2-1/2

[Event "WC-2018-P-00007"]
[Site "LSS email"]
[Date "2018.01.22"]
[Round "?"]
[White "Davydov, Andrej"]
[Black "Ilyin, Igor"]
[Result "1-0"]
[WhiteElo "2222"]
[BlackElo "2025"]
[PlyCount "105"]
[EventDate "2018.02.01"]
[EventType "tourn (corr)"]
[EventRounds "12"]
[EventCountry "GER"]
[SourceTitle "Corr 2022"]
[Source "ChessBase"]
[SourceDate "2021.10.24"]
[SourceVersion "1"]
[SourceVersionDate "2021.10.24"]
[SourceQuality "1"]

1. d4 Nf6 2. c4 g6 3. Nf3 Bg7 4. g3 0-0 5. Bg2 d6 6. 0-0 Nc6 7. Nc3 a6 8. Qd3 e5 9. d5 Nb4 10. Qb1 a5 11. e4 Na6 12. Bg5 c6 13. b3 h6 14. Be3 cxd5 15. cxd5 Ng4 16. Bd2 Nc5 17. h3 Nf6 18. Be3 b6 19. a3 Ba6 20. Rd1 Nh5 21. b4 Nd7 22. Qc1 Kh7 23. Ra2 f5 24. exf5 gxf5 25. b5 Bb7 26. Nh4 f4 27. Bf3 fxe3 28. Bxh5 exf2+ 29. Rxf2 Rxf2 30. Kxf2 Kg8 31. Bg4 Nc5 32. Kg2 Bc8 33. Rf1 Bxg4 34. hxg4 Qd7 35. Nf5 Rf8 36. Qc2 Kh8 37. a4 Qf7 38. Ne3 Qg8 39. Rxf8 Bxf8 40. Ne4 Nxe4 41. Qxe4 Qg5 42. Kf3 Kg7 43. Qf5 Qe7 44. g5 hxg5 45. Kg4 Qc7 46. Qxg5+ Kf7 47. Qh5+ Kf6 48. Qf5+ Kg7 49. Qe6 Kh8 50. Nf5 Qh7 51. Nxd6 Qg7+ 52. Kf3 Qc7 53. Nf5 1-0

[Event "WC-2018-P-00007"]
[Site "LSS email"]
[Date "2018.01.22"]
[Round "?"]
[White "Davydov, Andrej"]
[Black "Trzebiatowski, Krzysztof"]
[Result "1/2-1/2"]
[WhiteElo "2222"]
[BlackElo "1884"]
[PlyCount "63"]
[EventDate "2018.02.01"]
[EventType "tourn (corr)"]
[EventRounds "12"]
[EventCountry "GER"]
[SourceTitle "Corr 2022"]
[Source "ChessBase"]
[SourceDate "2021.10.24"]
[SourceVersion "1"]
[SourceVersionDate "2021.10.24"]
[SourceQuality "1"]

1. d4 d5 2. c4 c6 3. Nf3 Nf6 4. e3 e6 5. Nc3 Nbd7 6. Qc2 Bd6 7. Bd3 dxc4 8. Bxc4 b5 9. Be2 0-0 10. 0-0 Bb7 11. e4 e5 12. dxe5 Nxe5 13. Nh4 g6 14. Bg5 h6 15. Bf4 Qe7 16. g3 Kh7 17. Rae1 Rfe8 18. Qc1 b4 19. Nd1 c5 20. f3 Rac8 21. Ne3 Nh5 22. Rd1 Nd3 23. Bxd3 Bxf4 24. Bb5 Bc6 25. Bxc6 Bxe3+ 26. Qxe3 Rxc6 27. Ng2 f5 28. e5 Qxe5 29. Rd7+ Ng7 30. Qxe5 Rxe5 31. Rxa7 Kg8 32. f4 1/2-1/2

[Event "WC-2018-P-00007"]
[Site "LSS email"]
[Date "2018.01.22"]
[Round "?"]
[White "Ilyin, Igor"]
[Black "Davydov, Andrej"]
[Result "1-0"]
[WhiteElo "2025"]
[BlackElo "2222"]
[PlyCount "112"]
[EventDate "2018.02.01"]
[EventType "tourn (corr)"]
[EventRounds "12"]
[EventCountry "GER"]
[SourceTitle "Corr 2022"]
[Source "ChessBase"]
[SourceDate "2021.10.24"]
[SourceVersion "1"]
[SourceVersionDate "2021.10.24"]
[SourceQuality "1"]

1. c4 e5 2. Nc3 Nf6 3. g3 Bc5 4. Bg2 Nc6 5. e3 d6 6. Nge2 a6 7. d4 Ba7 8. 0-0 0-0 9. h3 Bd7 10. b3 Re8 11. Bb2 exd4 12. exd4 Rb8 13. Rc1 Ne7 14. Re1 Ng6 15. Qd3 b5 16. Nd5 Nxd5 17. cxd5 Bb6 18. h4 b4 19. h5 Nf8 20. Nf4 h6 21. Qxa6 Ra8 22. Rxe8 Bxe8 23. Qc4 Rxa2 24. Rc2 Bd7 25. Qxb4 Bf5 26. Re2 Bg4 27. f3 Bc8 28. Qc3 Qg5 29. Kh2 Bd7 30. Qd3 Ra5 31. Bc3 Bb5 32. Qc2 Ra8 33. Re1 Nd7 34. Bh3 Nf6 35. Bf5 Nxh5 36. Nxh5 Qxh5+ 37. Kg2 Qg5 38. Bh7+ Kf8 39. Be4 h5 40. Qf2 Qf6 41. Qd2 Bd7 42. Bb1 Bf5 43. Be4 Kg8 44. Rb1 Bd7 45. Rh1 g6 46. Rb1 Kg7 47. Rh1 Re8 48. Bb2 Bf5 49. Re1 h4 50. g4 Bxe4 51. fxe4 Ba5 52. Qxa5 Qf4 53. Qc3 h3+ 54. Qxh3 Qd2+ 55. Kf1 Qxb2 56. Qf3 Qxd4 1-0

[Event "RA-2017-0-00540"]
[Site "LSS email"]
[Date "2017.09.28"]
[Round "?"]
[White "Eman, Juan"]
[Black "Davydov, Andrej"]
[Result "1/2-1/2"]
[WhiteElo "2211"]
[BlackElo "2199"]
[PlyCount "53"]
[EventDate "2017.08.28"]
[EventType "tourn (corr)"]
[EventRounds "6"]
[EventCountry "GER"]
[SourceTitle "Corr 2022"]
[Source "ChessBase"]
[SourceDate "2021.10.24"]
[SourceVersion "1"]
[SourceVersionDate "2021.10.24"]
[SourceQuality "1"]

1. d4 d5 2. c4 c6 3. Nf3 Nf6 4. Nc3 dxc4 5. a4 Bf5 6. Ne5 e6 7. f3 Bb4 8. e4 Bxe4 9. fxe4 Nxe4 10. Bd2 Qxd4 11. Nxe4 Qxe4+ 12. Qe2 Bxd2+ 13. Kxd2 Qd5+ 14. Kc2 Na6 15. Nxc4 0-0 16. Qe5 Rab8 17. a5 f6 18. Qxd5 cxd5 19. Nd2 Rfc8+ 20. Kb1 Kf7 21. Bxa6 bxa6 22. Ra3 e5 23. Rc1 Rxc1+ 24. Kxc1 d4 25. Ra4 Rc8+ 26. Kd1 f5 27. Rb4 1/2-1/2

[Event "CP-2017-P-00010"]
[Site "LSS email"]
[Date "2017.09.27"]
[Round "?"]
[White "Davydov, Andrej"]
[Black "Broniek, Mariusz Maciej"]
[Result "1/2-1/2"]
[WhiteElo "2208"]
[BlackElo "2400"]
[PlyCount "101"]
[EventDate "2017.10.01"]
[EventType "tourn (corr)"]
[EventRounds "6"]
[EventCountry "GER"]
[SourceTitle "Corr 2022"]
[Source "ChessBase"]
[SourceDate "2021.10.24"]
[SourceVersion "1"]
[SourceVersionDate "2021.10.24"]
[SourceQuality "1"]

1. d4 f5 2. g3 Nf6 3. Bg2 g6 4. Nh3 Bg7 5. c3 Nc6 6. 0-0 0-0 7. Nd2 d6 8. Qb3+ Kh8 9. Ng5 Qe8 10. e4 e5 11. exf5 gxf5 12. Re1 e4 13. Nf1 Ne7 14. Nh3 Ng6 15. a4 d5 16. Bg5 Qf7 17. f3 h6 18. Bd2 c6 19. Re2 Be6 20. Rf2 Rae8 21. Qc2 Qe7 22. a5 Bd7 23. Rd1 h5 24. Re1 h4 25. Qd1 Kg8 26. Nf4 hxg3 27. hxg3 Nxf4 28. Bxf4 Rf7 29. Bh3 Nh5 30. Bd2 Nxg3 31. Nxg3 Qh4 32. Nxe4 dxe4 33. Bf1 Bf8 34. Rh2 Rg7+ 35. Kh1 Qf6 36. Bf4 Bd6 37. Bxd6 Qxd6 38. fxe4 Rxe4 39. Rxe4 fxe4 40. Qh5 Qf6 41. Bc4+ Kf8 42. Qc5+ Re7 43. Kg1 Ke8 44. Rg2 Rg7 45. Qh5+ Ke7 46. Qe5+ Qxe5 47. dxe5 Kf8 48. Rxg7 Kxg7 49. Kf2 Kg6 50. e6 Be8 51. Ke3 1/2-1/2

[Event "RA-2017-0-00535"]
[Site "LSS email"]
[Date "2017.08.29"]
[Round "?"]
[White "Davydov, Andrej"]
[Black "Cirulis, Ilmars"]
[Result "1/2-1/2"]
[WhiteElo "2183"]
[BlackElo "2175"]
[PlyCount "78"]
[EventDate "2017.08.07"]
[EventType "tourn (corr)"]
[EventRounds "6"]
[EventCountry "GER"]
[SourceTitle "Corr 2022"]
[Source "ChessBase"]
[SourceDate "2021.10.24"]
[SourceVersion "1"]
[SourceVersionDate "2021.10.24"]
[SourceQuality "1"]

1. d4 e6 2. c4 b6 3. e4 Bb7 4. Bd3 Bb4+ 5. Kf1 a6 6. h4 Be7 7. Nc3 d6 8. Bf4 Nf6 9. Nf3 Nc6 10. d5 Nb8 11. dxe6 fxe6 12. c5 Nc6 13. cxd6 cxd6 14. Ng5 Qd7 15. Bc4 Nd8 16. Qb3 d5 17. exd5 exd5 18. Bd3 d4 19. Ne2 Bd5 20. Qc2 Rc8 21. Qb1 Qb7 22. f3 h6 23. Bg6+ Nf7 24. Nxf7 Bxf7 25. Bxf7+ Kxf7 26. h5 Rhd8 27. Qg6+ Kf8 28. Ng3 Bd6 29. Rh4 Qf7 30. Rd1 Qxg6 31. Bxd6+ Rxd6 32. hxg6 Nd5 33. Rhxd4 Ne3+ 34. Ke2 Re6 35. Rd8+ Rxd8 36. Rxd8+ Ke7 37. Rg8 Nf5+ 38. Kf2 Nxg3 39. Kxg3 Rxg6+ 1/2-1/2

[Event "RA-2017-0-00529"]
[Site "LSS email"]
[Date "2017.07.31"]
[Round "?"]
[White "Davydov, Andrej"]
[Black "Koch, Christian"]
[Result "1/2-1/2"]
[WhiteElo "2183"]
[BlackElo "2221"]
[PlyCount "36"]
[EventDate "2017.06.24"]
[EventType "tourn (corr)"]
[EventRounds "6"]
[EventCountry "GER"]
[SourceTitle "Corr 2022"]
[Source "ChessBase"]
[SourceDate "2021.10.24"]
[SourceVersion "1"]
[SourceVersionDate "2021.10.24"]
[SourceQuality "1"]

1. d4 d5 2. Nf3 Nf6 3. c4 c6 4. e3 e6 5. Nc3 Nbd7 6. Qc2 Bd6 7. Bd3 0-0 8. 0-0 dxc4 9. Bxc4 a6 10. Bd3 c5 11. Rd1 Qc7 12. h3 cxd4 13. exd4 b5 14. d5 Ne5 15. Nxe5 Bxe5 16. Bg5 b4 17. Bxf6 gxf6 18. Qe2 bxc3 1/2-1/2

[Event "RA-2017-0-00529"]
[Site "LSS email"]
[Date "2017.07.31"]
[Round "?"]
[White "Morcin, Tom"]
[Black "Davydov, Andrej"]
[Result "0-1"]
[WhiteElo "2252"]
[BlackElo "2183"]
[PlyCount "56"]
[EventDate "2017.06.24"]
[EventType "tourn (corr)"]
[EventRounds "6"]
[EventCountry "GER"]
[SourceTitle "Corr 2022"]
[Source "ChessBase"]
[SourceDate "2021.10.24"]
[SourceVersion "1"]
[SourceVersionDate "2021.10.24"]
[SourceQuality "1"]

1. e4 e6 2. d4 d5 3. Nc3 Nf6 4. e5 Nfd7 5. f4 c5 6. Nf3 Nc6 7. Be3 Be7 8. Qd2 a6 9. dxc5 Nxc5 10. 0-0-0 Qa5 11. Kb1 b5 12. h4 Bd7 13. Qf2 b4 14. Ne2 Ne4 15. Qe1 Qc7 16. Ng5 Nc5 17. Ng3 h5 18. Be2 g6 19. Nf1 a5 20. Qf2 Na4 21. Ka1 Nc3 22. bxc3 bxc3 23. Bb6 Qb7 24. Rb1 Nb4 25. Bd1 Qc6 26. a3 Qc4 27. Rb3 Ba4 28. Kb1 Bxb3 0-1

[Event "RA-2017-0-00529"]
[Site "LSS email"]
[Date "2017.07.31"]
[Round "?"]
[White "Silva Filho, Alcindo Luz Bastos"]
[Black "Davydov, Andrej"]
[Result "1/2-1/2"]
[WhiteElo "2099"]
[BlackElo "2183"]
[PlyCount "47"]
[EventDate "2017.06.24"]
[EventType "tourn (corr)"]
[EventRounds "6"]
[EventCountry "GER"]
[SourceTitle "Corr 2022"]
[Source "ChessBase"]
[SourceDate "2021.10.24"]
[SourceVersion "1"]
[SourceVersionDate "2021.10.24"]
[SourceQuality "1"]

1. e4 e6 2. d4 d5 3. exd5 exd5 4. Nf3 Bd6 5. Bd3 Ne7 6. 0-0 Nbc6 7. c3 Bf5 8. Bxf5 Nxf5 9. Re1+ Nfe7 10. Qb3 b6 11. c4 Na5 12. Qb5+ c6 13. Qa4 0-0 14. c5 Bc7 15. Nbd2 Qd7 16. b4 b5 17. Qa3 Nc4 18. Qa6 Nb6 19. Nf1 Ng6 20. Qa3 Na4 21. Bd2 Rae8 22. Rab1 Qf5 23. Qb3 h6 24. Re3 1/2-1/2

[Event "RA-2017-0-00525"]
[Site "LSS email"]
[Date "2017.06.25"]
[Round "?"]
[White "Davydov, Andrej"]
[Black "Kolanek, Roman"]
[Result "1/2-1/2"]
[WhiteElo "2193"]
[BlackElo "2189"]
[PlyCount "94"]
[EventDate "2017.06.04"]
[EventType "tourn (corr)"]
[EventRounds "6"]
[EventCountry "GER"]
[SourceTitle "Corr 2022"]
[Source "ChessBase"]
[SourceDate "2021.10.24"]
[SourceVersion "1"]
[SourceVersionDate "2021.10.24"]
[SourceQuality "1"]

1. d4 Nf6 2. Nf3 d5 3. c4 e6 4. Nc3 dxc4 5. e4 Bb4 6. Bg5 c5 7. Bxc4 cxd4 8. Nxd4 Qa5 9. Bd2 Qc5 10. Bb5+ Bd7 11. Nb3 Qe7 12. Bd3 Nc6 13. 0-0 0-0 14. Qe2 e5 15. Nd5 Qd6 16. Nxb4 Nxb4 17. Bc4 Ba4 18. Bc3 Nc6 19. f3 Rad8 20. Rfe1 Qc7 21. Kh1 Bxb3 22. Bxb3 Nd4 23. Qf1 a6 24. Red1 Nxb3 25. axb3 Rfe8 26. Rdc1 Ra8 27. Ba5 Qd6 28. Rc7 b6 29. Qc4 Re6 30. Bc3 Rd8 31. h3 Nh5 32. Bb4 b5 33. Qc3 Qb6 34. Ba5 Qf2 35. Rc8 Rde8 36. Qc6 Nf6 37. Qc2 Qxc2 38. Rxc2 Nh5 39. Kh2 g6 40. Rd1 f5 41. Rc7 fxe4 42. g4 Nf6 43. g5 Nh5 44. fxe4 R6e7 45. Rxe7 Rxe7 46. Rd8+ Kg7 47. Ra8 Rf7 1/2-1/2

[Event "RA-2017-0-00525"]
[Site "LSS email"]
[Date "2017.06.24"]
[Round "?"]
[White "Koch, Christian"]
[Black "Davydov, Andrej"]
[Result "1/2-1/2"]
[WhiteElo "2225"]
[BlackElo "2193"]
[PlyCount "67"]
[EventDate "2017.06.04"]
[EventType "tourn (corr)"]
[EventRounds "6"]
[EventCountry "GER"]
[SourceTitle "Corr 2022"]
[Source "ChessBase"]
[SourceDate "2021.10.24"]
[SourceVersion "1"]
[SourceVersionDate "2021.10.24"]
[SourceQuality "1"]

1. e4 e6 2. d4 d5 3. Nc3 Nf6 4. e5 Nfd7 5. f4 c5 6. Nf3 Nc6 7. Be3 Be7 8. Qd2 a6 9. Be2 b5 10. Nd1 cxd4 11. Nxd4 Nxd4 12. Bxd4 Nb8 13. Bf2 Bb7 14. 0-0 0-0 15. a3 Qc7 16. c3 Nd7 17. Bd4 Nc5 18. Qc2 Ne4 19. Ne3 f5 20. exf6 Bxf6 21. Rad1 Bxd4 22. cxd4 Qd6 23. f5 exf5 24. Rxf5 g6 25. Rxf8+ Rxf8 26. Ng4 Qf4 27. Qc1 Kg7 28. Qxf4 Rxf4 29. Ne5 Nd6 30. Bf3 a5 31. Kf2 g5 32. Ke2 Nc4 33. b3 Nxe5 34. dxe5 1/2-1/2